000 00665nam a2200205 i 4500
001 135678
003 ES-MaACL
005 20230906194930.0
007 t|
008 070730s1962 sp ||||1| spa d
080 _a92(Belluga y Moncada, Luis, Cardenal)
100 1 _aTorres Fontes, Juan.
_9110958
245 1 0 _aEpistolario del cardenal Belluga /
_cJuan Torres Fontes, Rodolfo Bosque Carceller.
260 _aMurcia :
_bDiputación,
_c[1962]
300 _a206 p. ;
_c25 cm.
600 1 4 _aBelluga y Moncada, Luis.
_927285
700 1 _aBosque Carceller, Rodolfo.
_930699
700 1 _aBelluga y Moncada, Luis.
_927285
852 _aES-MaACL
_jC-22830
_bR.51567
999 _c135678
_d135678